000 00480nam a22001811a 4500
001 2437
003 OSt
005 20260204211812.0
008 040301s1986||||dr ||||||b||||||||||spa||
050 _aRD 863.44 R145m
082 _aRD 808.8383 R145m
100 _aRamírez Corría, Feliberto
245 _aEl milagro del cometa / Feliberto, Ramírez Corría
264 _aSanto Domingo : Taller
300 _a224 p.
650 _aNovela Regalista - DominicanaÌ
942 _2ddc
_cBK
999 _c2437
_d2437